5HLuxD.jpg

KING HENRY VIII SENIOR AND PRIMARY SCHOOL LIBRARY OPAC

Mathematics : (Record no. 342)

000 -LEADER
fixed length control field 02251cam a2200373 a 4500
001 - CONTROL NUMBER
control field 00273630
003 - CONTROL NUMBER IDENTIFIER
control field OCoLC
005 - DATE AND TIME OF LATEST TRANSACTION
control field 20190806150559.0
008 - FIXED-LENGTH DATA ELEMENTS--GENERAL INFORMATION
fixed length control field 150504s1997 nyua b 001 0 eng
010 ## - LIBRARY OF CONGRESS CONTROL NUMBER
LC control number 96013428
015 ## - NATIONAL BIBLIOGRAPHY NUMBER
National bibliography number GB9748664
Source bnb
020 ## - INTERNATIONAL STANDARD BOOK NUMBER
International Standard Book Number 039304002X
020 ## - INTERNATIONAL STANDARD BOOK NUMBER
International Standard Book Number 9780393040029
035 ## - SYSTEM CONTROL NUMBER
System control number ocm34472146
035 ## - SYSTEM CONTROL NUMBER
System control number (OCoLC)34472146
Canceled/invalid control number (OCoLC)37694609
-- (OCoLC)718213239
040 ## - CATALOGING SOURCE
Original cataloging agency DLC
Language of cataloging eng
Transcribing agency DLC
Modifying agency UKM
-- PGC
-- MUQ
-- TBS
-- BAKER
-- NLGGC
-- BTCTA
-- YDXCP
-- AU@
-- ZWZ
-- TXAPL
-- DEBBG
-- CHRRO
-- OCLCQ
-- BDX
-- OCLCF
-- OCLCQ
042 ## - AUTHENTICATION CODE
Authentication code nbic
049 ## - LOCAL HOLDINGS (OCLC)
Holding library C5MA
082 00 - DEWEY DECIMAL CLASSIFICATION NUMBER
Classification number 510.9 GUL
Edition number 20
100 1# - MAIN ENTRY--PERSONAL NAME
Personal name Gullberg, Jan.
Relator term author
245 10 - TITLE STATEMENT
Title Mathematics :
Remainder of title from the birth of numbers /
Statement of responsibility, etc. Jan Gullberg ; technical illustrations, Par Gullberg.
250 ## - EDITION STATEMENT
Edition statement 1st ed.
260 ## - PUBLICATION, DISTRIBUTION, ETC.
Place of publication, distribution, etc. New York :
Name of publisher, distributor, etc. W.W. Norton,
Date of publication, distribution, etc. 1997.
300 ## - PHYSICAL DESCRIPTION
Extent xxii, 1093 pages :
Other physical details illustrations ;
Dimensions 27 cm.
336 ## - CONTENT TYPE
Content type term text
Content type code txt
Source rdacontent.
337 ## - MEDIA TYPE
Media type term unmediated
Media type code n
Source rdamedia.
338 ## - CARRIER TYPE
Carrier type term volume
Carrier type code nc
Source rdacarrier.
504 ## - BIBLIOGRAPHY, ETC. NOTE
Bibliography, etc. note Includes bibliographical references (pages 1041-1052) and indexes.
505 0# - FORMATTED CONTENTS NOTE
Formatted contents note Numbers and language -- Systems of numeration -- Types of numbers -- Cornerstones of mathematics -- Combinatorics -- Symbolic logic -- Set theory -- Introduction to sequences and series -- Theory of equations -- Introduction to functions -- Overture to the geometries -- Elementary geometry -- Trigonometry -- Hyperbolic functions -- Analytic geometry -- Vector analysis -- Fractals -- Matrices and determinants -- Embarking on calculus -- Introduction to differential calculus -- Introduction to integral calculus -- Power series -- Indeterminate limits -- Complex numbers revisited -- Extrema and critical points -- Arc length -- Centroids -- Area -- Volume -- Motion -- Harmonic analysis -- Methods of approximation -- Probability theory -- Differential equations.
520 ## - SUMMARY, ETC.
Summary, etc. An illustrated exploration of mathematics and its history, beginning with a study of numbers and their symbols, and continuing with a broad survey that includes consideration of algebra, geometry, hyperbolic functions, fractals, and many other mathematical functions.
650 #0 - SUBJECT ADDED ENTRY--TOPICAL TERM
Topical term or geographic name entry element Mathematics.
700 ## - ADDED ENTRY--PERSONAL NAME
Personal name Gullberg, Par
Relator term Technical illustrator
942 ## - ADDED ENTRY ELEMENTS (KOHA)
Source of classification or shelving scheme
Koha item type Books - Non Ficton
Holdings
Withdrawn status Lost status Source of classification or shelving scheme Damaged status Not for loan Collection code Permanent Location Current Location Shelving location Date acquired Total Checkouts Full call number Barcode Date last seen Date last checked out Price effective from Koha item type
          Non-Fiction KH8 Senior School Library KH8 Senior School Library Non Fiction 2019-08-06 1 510.9 GUL 3KHSL000100204 2024-03-18 2024-03-18 2019-08-06 Books - Non Ficton

Powered By KH8 IT Dept